|
|
|
|
| LEADER |
00000nam0a2200000 4500 |
| 001 |
12904 |
| 005 |
20231030184654.0 |
| 010 |
|
|
|a 5933110078
|
| 035 |
|
|
|a (RuTPU)RU\TPU\book\12985
|
| 035 |
|
|
|a BOOK00013053
|
| 090 |
|
|
|a 12904
|
| 100 |
|
|
|a 20011209d1999 km y0rusy50 ca
|
| 101 |
0 |
|
|a rus
|
| 102 |
|
|
|a RU
|
| 105 |
|
|
|a a z 000zy
|
| 200 |
1 |
|
|a Национальные образы мира. Евразия: космос кочевника, земледельца и горца
|f Г. Д. Гачев
|
| 210 |
|
|
|a Москва
|c ДИ-ДИК
|d 1999
|
| 215 |
|
|
|a 368 с.
|
| 225 |
1 |
|
|a Национальные образы мира
|
| 610 |
1 |
|
|a национальные образы
|
| 610 |
1 |
|
|a история
|
| 610 |
1 |
|
|a география
|
| 610 |
1 |
|
|a культура
|
| 610 |
1 |
|
|a этнография
|
| 610 |
1 |
|
|a национальные культуры
|
| 610 |
1 |
|
|a Евразия
|
| 610 |
1 |
|
|a космософия
|
| 686 |
|
|
|a Ч113
|v LBC/SL-A
|2 rubbk
|
| 686 |
|
|
|a Т52(4)
|v LBC/SL-A
|2 rubbk
|
| 700 |
|
1 |
|a Гачев
|b Г. Д.
|g Георгий Дмитриевич
|
| 801 |
|
0 |
|a RU
|b 63413507
|c 20011209
|g PSBO
|
| 801 |
|
2 |
|a RU
|b 63413507
|c 20130114
|g PSBO
|
| 942 |
|
|
|c BK
|